Statystyki dla Obecnie panujące dynastie

Kliknij tutaj aby rozwiązać quiz!

Ogólne statystyki

  • Ten quiz został rozwiązany 26 razy
  • Średni wynik to 4 z 23

Statystyki odpowiedzi

PaństwoPanująca dynastia% Poprawnych
Antigua i Barbuda, Australia, Bahamy, Belize, Grenada, Jamajka, Kanada, Nowa Zelandia, Papua-Nowa Gwinea, Saint Kitts i Nevis, Saint Lucia, Saint Vincent i Grenadyny, Tuvalu, Wielka Brytania, Wyspy SalomonaWindsorowie
96%
Hiszpania, LuksemburgBurbonowie
80%
BelgiaKoburgowie
56%
Arabia SaudyjskaSaudowie
40%
SzwecjaBernadotte
36%
MonakoGrimaldi
32%
LiechtensteinLiechtensteinowie
32%
HolandiaOranje-Nasau
28%
Dania, NorwegiaGlücksburgowie
20%
JordaniaHaszymici
8%
JaponiaYamato
8%
MarokoAlawici
4%
OmanAl 'Bu Sa'id
4%
KambodżaNorodom
4%
Bahrajnal-Chalifa
0%
KatarAs-Sani
0%
BruneiBolkiah
0%
TajlandiaCzakri
0%
EswatiniDlamini
0%
LesothoMoshesh
0%
KuwejtSabah
0%
TongaTupou
0%
BhutanWangchuck
0%

Rozkład punktacji

Percentyl według liczby udzielonych odpowiedzi

Procent ludzi z każdym wynikiem

Twoja historia wyników

Nie rozwiązałeś tego quizu